000 01137nam a2200337 a 4500
001 C01493223c-2
003 CO-ViMGA
005 20230915234409.0
008 150812r20152012ck gr 000 fbspa d
020 _a8408102338
020 _a9584234811
020 _a9788408102335
020 _a9789584234810
040 _aCO-ViMGA
_bspa
_cCO-ViMGA
041 1 _heng
043 _an-us---
082 0 4 _a813.5
_bC51c
_219
100 1 _aClare, Cassandra,
_d1973-
_92241
245 1 0 _aCazadores de sombras :
_bpríncipe mecánico /
_cCassandra Clare ; traducción Patricia Nunes.
250 _aCuarta reimpresión.
260 _aBogotá ;
_aBarcelona :
_bEditorial Planeta :
_bDestino,
_c2015.
300 _a455 páginas ;
_c21 cm.
490 1 _aLa Isla del Tiempo ;
_v2
534 _pTítulo original :
_tThe infernal devices 2 : clockwork prince.
650 1 4 _aDemonología
_v Novela juvenil.
_92243
650 1 4 _aLo sobrenatural
_v Novela juvenil.
_92242
650 1 4 _aMagia
_v Novela juvenil.
_92244
650 1 4 _aNovela juvenil estadounidense.
_91575
700 1 _aNunes, Patricia,
_etraductora.
_98419
942 _2ddc
_cBK
999 _c37817
_d37817